00338nam a2200133Ia 4500020001800000082001500018245002700033260006200060300000800122650002200130650001800152700001700170700001700187 a9788123019277 a305.4 IND; 0aIndian women-revisited aNew DelhibPublication Division, Ministry of Informc2014 a244 aWOMEN IN POLITICS aWOMEN - INDIA aSujaya, C.P. aJain, Devaki